<?xml version="1.0" encoding="UTF-8"?>
<record
    xmlns:xsi="http://www.w3.org/2001/XMLSchema-instance"
    xsi:schemaLocation="http://www.loc.gov/MARC21/slim http://www.loc.gov/standards/marcxml/schema/MARC21slim.xsd"
    xmlns="http://www.loc.gov/MARC21/slim">

  <leader>01030nam a22002177a 4500</leader>
  <controlfield tag="005">20231102151832.0</controlfield>
  <controlfield tag="008">150623b2006    pe a|||| |||| 00| 0 spa d</controlfield>
  <datafield tag="020" ind1=" " ind2=" ">
    <subfield code="a">9972985660</subfield>
  </datafield>
  <datafield tag="082" ind1=" " ind2=" ">
    <subfield code="a">331.34 C864e</subfield>
  </datafield>
  <datafield tag="100" ind1=" " ind2=" ">
    <subfield code="a">Chacaltana, Juan</subfield>
    <subfield code="e">autor</subfield>
    <subfield code="9">16491</subfield>
  </datafield>
  <datafield tag="245" ind1=" " ind2=" ">
    <subfield code="a">Empleo para los jovenes</subfield>
    <subfield code="c">/ Juan Chacaltana</subfield>
  </datafield>
  <datafield tag="260" ind1=" " ind2=" ">
    <subfield code="a">Lima , Peru</subfield>
    <subfield code="b">: Centro de Estudios para el Desarrollo y la Participaci&#xF3;n : Cooperaci&#xF3;n T&#xE9;cnica Alemana : Comisi&#xF3;n Econ&#xF3;mica para Am&#xE9;rica Latina y el Caribe</subfield>
    <subfield code="c">, 2006</subfield>
  </datafield>
  <datafield tag="300" ind1=" " ind2=" ">
    <subfield code="a">268 p&#xE1;ginas</subfield>
    <subfield code="b">: ilustraciones</subfield>
  </datafield>
  <datafield tag="336" ind1=" " ind2=" ">
    <subfield code="a">texto</subfield>
  </datafield>
  <datafield tag="337" ind1=" " ind2=" ">
    <subfield code="a">sin medio</subfield>
  </datafield>
  <datafield tag="338" ind1=" " ind2=" ">
    <subfield code="a">vol&#xFA;men</subfield>
  </datafield>
  <datafield tag="500" ind1=" " ind2=" ">
    <subfield code="a">Incluye glosario p. 267-268</subfield>
  </datafield>
  <datafield tag="505" ind1=" " ind2=" ">
    <subfield code="a">Introducci&#xF3;n.
&#xBF;Qu&#xE9; sabemos sobre la inserci&#xF3;n laboral de los j&#xF3;venes en el Per&#xFA;?
La visi&#xF3;n de los empresarios.
La visi&#xF3;n de los j&#xF3;venes.
Trayectorias laborales de los j&#xF3;venes.
&#xBF;C&#xF3;mo se promueve la inserci&#xF3;n laboral de los j&#xF3;venes en el Per&#xFA;?
Pol&#xED;ticas de empleo para j&#xF3;venes.</subfield>
  </datafield>
  <datafield tag="650" ind1="1" ind2="4">
    <subfield code="a">TRABAJO DE JOVENES</subfield>
    <subfield code="z">PER&#xDA; </subfield>
    <subfield code="9">16492</subfield>
  </datafield>
  <datafield tag="942" ind1=" " ind2=" ">
    <subfield code="2">ddc</subfield>
    <subfield code="c">LB</subfield>
  </datafield>
  <datafield tag="952" ind1=" " ind2=" ">
    <subfield code="0">0</subfield>
    <subfield code="1">0</subfield>
    <subfield code="2">ddc</subfield>
    <subfield code="4">0</subfield>
    <subfield code="7">0</subfield>
    <subfield code="a">01</subfield>
    <subfield code="b">01</subfield>
    <subfield code="d">2015-06-23</subfield>
    <subfield code="l">0</subfield>
    <subfield code="o">331.34 C864e</subfield>
    <subfield code="p">01 003318</subfield>
    <subfield code="r">2015-06-23</subfield>
    <subfield code="t">1</subfield>
    <subfield code="w">2015-06-23</subfield>
    <subfield code="y">LB</subfield>
  </datafield>
  <datafield tag="999" ind1=" " ind2=" ">
    <subfield code="c">97013</subfield>
    <subfield code="d">97013</subfield>
  </datafield>
</record>
